Normal view
MARC view
Entry Geographic Name
001 - CONTROL NUMBER
- control field: 5380
003 - CONTROL NUMBER IDENTIFIER
- control field: ARRUPE
005 - DATE AND TIME OF LATEST TRANSACTION
- control field: 20131210135139.0
008 - FIXED-LENGTH DATA ELEMENTS
- fixed length control field: 131210|| aca||aabn | a|a d
040 ## - CATALOGING SOURCE
- Original cataloging agency: ARRUPE
- Transcribing agency: ARRUPE
151 ## - HEADING--GEOGRAPHIC NAME
- Geographic name: Africa
- General subdivision: Description and travel.
670 ## - SOURCE DATA FOUND
- Source citation: Work cat.: (ARRUPE)0: Hopkinson, Tom, 1905-1990. 5378, In the fiery continent., 1962.